1116 1356 1211 1515 1172 1457 1372 1834 1869 1508 1147 1180 1912 1608 1967 1203 1175 1420 1093 1653 1388 1814 1050 1713 1106 1130 1820 1123 1223 1737 1358 1271 1500 1920 1626 1860 1682 1774 1320 1651 1708 1680 1091 1258 1534 1503 1935 1425 1465 1028 1918 1105 1561 1330 1366 1307 1763 1602 1790 1168 1855 1216 1446 1224 1988 1002 1139 1503 1987 1581 1815 1426 1875 1430 1888 1989 1270 1532 1848 1627 1008 1740 1737 1849 1075 1074 1317 1467 1529 1856 1496 1158 1050 1481 1446 1734 1737 1603 1715 BCNSPRNW ULIB Ver.6.0+V

เปลี่ยนเป็นภาษาไทย

Change to English
 แสดงรายละเอียดบรรณานุกรม
  กลับหน้าหลัก

Brief Record : Get Marc (ISO 2709) : E-mail record : QR code < ปิดหน้าต่าง
LEADER : 00000nam 2200000uu 4500
001    13399112321
003     ULIB
008    110627s2552||||th 000 0 tha d
020    9786169003359
090    นว.^bว295ฝ 2552
100 0  วรันธร
245 00 ฝากหัวใจทำนายรัก/^cวรันธร
250    พิมพ์ครั้งที่ 1
260    กรุงเทพฯ :^bBlue Butterfly,^c2552
300    320 หน้า
710 1  Blue Butterfly
945    ^p236^l0^i030400
995    ทศพร
999 ^a ใช้งานได้ทุกระบบ
รายการนี้ยังไม่มีแท็ก
คุณยังไม่ได้ล็อกอิน คุณสามารถมีกิจกรรมร่วมกับเว็บไซต์ได้ แต่ต้องล็อกอินก่อน ::
  ล็อกอิน

รายการสื่อสารสนเทศ

ลำดับที่ ประเภท เลขเรียก/บาร์โค้ด สถานที่ สถานะ
- ไม่พบข้อมูล -

รายการใกล้เคียง
    ผู้แต่ง [วรันธร]

BibComment


ยังไม่เคยถูกคอมเมนท์

คอมเมนท์ทรัพยากรรายการนี้
  คอมเมนท์: ฝากหัวใจทำนายรัก ..


 Copyright 2026. Bcnsprnw @Library